NFL Week 13 Fantasy Leaders 2024-2025 - Statistics

General Stats
  • This quiz has been taken 116 times
  • The average score is 10 of 20
Answer Stats
Position Points Player % Correct
QB 28.4 Josh Allen
94%
WR 24.3 Keenan Allen
92%
TE 30.2 Brock Bowers
77%
QB 25.4 Lamar Jackson
72%
WR 40.5 Jerry Jeudy
69%
QB 36 Jameis Winston
64%
QB 26.1 Caleb Williams
63%
QB 28.6 Jayden Daniels
62%
QB 27.9 Russell Wilson
62%
WR 23.7 DJ Moore
49%
WR 25.8 Mike Evans
44%
WR 27.3 Terry McLaurin
44%
QB 25.2 Tua Tagovailoa
40%
RB 25.5 Bijan Robinson
37%
RB 24.9 Najee Harris
36%
TE 26.2 David Njoku
35%
RB 27.5 Bucky Irving
33%
QB 23.6 Bryce Young
28%
WR 23.9 Adam Thielen
19%
WR 24.3 Parker Washington
3%
No matching quizzes found
Score Distribution
Percent of People with Each Score
Percentile by Number Answered
Your Score History
You have not taken this quiz